| 000 | 00588nam a22001937a 4500 | ||
|---|---|---|---|
| 003 | MUT | ||
| 005 | 20240606081532.0 | ||
| 008 | 220202b xxu||||| |||| 00| 0 eng d | ||
| 020 | _a1896833152 | ||
| 040 | _cMUT | ||
| 050 |
_aHQ 774 _b.S52 2002 |
||
| 100 | _aShore, Penny A. | ||
| 245 | _aYour baby & child's emotional and social development | ||
| 260 |
_aToronto, Ontario _bThe Parent Kit Corporation _c 2002 |
||
| 650 | _aChild development | ||
| 650 | _aParenting | ||
| 650 | _aChild rearing | ||
| 942 |
_2lcc _cBK |
||
| 999 |
_c21125 _d21125 |
||